Fundamentals of physical geography (Record no. 15975)

000 -LEADER
fixed length control field 00590nam a22002171 4500
001 - CONTROL NUMBER
control field 15975
003 - CONTROL NUMBER IDENTIFIER
control field BD-DhUET
008 - FIXED-LENGTH DATA ELEMENTS--GENERAL INFORMATION
fixed length control field 720814s1961 nyua b 000 0 eng
040 ## - CATALOGING SOURCE
Original cataloging agency DLC
Transcribing agency DLC
Modifying agency BD-DhUET
082 ## - DEWEY DECIMAL CLASSIFICATION NUMBER
Classification number 551
Item number TRE/1961
100 ## - MAIN ENTRY--PERSONAL NAME
Personal name Trewartha, Glenn T.
245 10 - TITLE STATEMENT
Title Fundamentals of physical geography
250 ## - EDITION STATEMENT
Edition statement 1st ed.
260 ## - PUBLICATION, DISTRIBUTION, ETC. (IMPRINT)
Place of publication, distribution, etc. New York
Name of publisher, distributor, etc. McGraw-Hill Book
Date of publication, distribution, etc. 1961
300 ## - PHYSICAL DESCRIPTION
Extent xii, 409 p.
Other physical details illus.
Dimensions 24 cm.
490 ## - SERIES STATEMENT
Series statement McGraw-Hill series in geography
650 #0 - SUBJECT ADDED ENTRY--TOPICAL TERM
Topical term or geographic name as entry element Physical geography
700 ## - ADDED ENTRY--PERSONAL NAME
Personal name Robinson, Arthur H.
700 ## - ADDED ENTRY--PERSONAL NAME
Personal name Hammond, Edwin H.
942 ## - ADDED ENTRY ELEMENTS (KOHA)
Koha item type General Book
Holdings
Shelving location Location (home branch) Koha normalized classification for sorting Lost status Piece designation (barcode) Withdrawn status Source of classification or shelving scheme Price effective from Damaged status Date acquired Copy number Koha full call number Koha item type Not for loan Koha date last seen Sublocation or collection (holding branch)
Circulation sectionCentral Library, BUET551_000000000000000_TRE_1961 13695  2015-03-16 2015-03-161551/TRE/1961General Book 2015-03-16Central Library, BUET